Shōbōgenzō, Zen essays / (Record no. 19553)

MARC details
000 -LEADER
fixed length control field 00925pam a2200301 a 4500
001 - CONTROL NUMBER
control field 1915182
003 - CONTROL NUMBER IDENTIFIER
control field BDDh-ASL
005 - DATE AND TIME OF LATEST TRANSACTION
control field 20231015025804.0
008 - FIXED-LENGTH DATA ELEMENTS--GENERAL INFORMATION
fixed length control field 850925s1986 hiu b s000 0 eng
010 ## - LIBRARY OF CONGRESS CONTROL NUMBER
LC control number 85020979
020 ## - INTERNATIONAL STANDARD BOOK NUMBER
International Standard Book Number 0824810147 :
Terms of availability $14.00
040 ## - CATALOGING SOURCE
Original cataloging agency DLC
Transcribing agency DLC
Modifying agency BDDh-ASL
041 1# - LANGUAGE CODE
Language code of text/sound track or separate title engjpn
043 ## - GEOGRAPHIC AREA CODE
Geographic area code a-ja---
050 00 - LIBRARY OF CONGRESS CALL NUMBER
Classification number BQ9449.D654
Item number S53213 1986
082 00 - DEWEY DECIMAL CLASSIFICATION NUMBER
Classification number 294.385
Edition number 19
Item number DOS
100 0# - MAIN ENTRY--PERSONAL NAME
Personal name Dōgen,
Dates associated with a name 1200-1253.
240 10 - UNIFORM TITLE
Uniform title Shōbō genzō.
Form subheading Selections.
Language of a work English
245 10 - TITLE STATEMENT
Title Shōbōgenzō, Zen essays /
Statement of responsibility, etc. by Dōgen ; translated by Thomas Cleary.
260 ## - PUBLICATION, DISTRIBUTION, ETC.
Place of publication, distribution, etc. Honolulu :
Name of publisher, distributor, etc. University of Hawaii Press,
Date of publication, distribution, etc. c1986.
300 ## - PHYSICAL DESCRIPTION
Extent 123 p. ;
Dimensions 22 cm.
504 ## - BIBLIOGRAPHY, ETC. NOTE
Bibliography, etc. note Includes bibliographies.
610 20 - SUBJECT ADDED ENTRY--CORPORATE NAME
Corporate name or jurisdiction name as entry element Sōtōshū
General subdivision Doctrines
-- Early works to 1800.
700 1# - ADDED ENTRY--PERSONAL NAME
Personal name Cleary, Thomas F.,
Dates associated with a name 1949-
740 0# - ADDED ENTRY--UNCONTROLLED RELATED/ANALYTICAL TITLE
Uncontrolled related/analytical title Zen essays.
906 ## - LOCAL DATA ELEMENT F, LDF (RLIN)
a 7
b cbc
c orignew
d 1
e ocip
f 19
g y-gencatlg
942 ## - ADDED ENTRY ELEMENTS (KOHA)
Source of classification or shelving scheme Dewey Decimal Classification
Koha item type Books
Holdings
Withdrawn status Lost status Source of classification or shelving scheme Damaged status Not for loan Collection code Home library Current library Shelving location Date acquired Source of acquisition Total Checkouts Full call number Barcode Date last seen Copy number Price effective from Koha item type Public note
    Dewey Decimal Classification   Not For Loan Non-fiction Asiatic Society Library Asiatic Society Library Ludden Collection 12/13/2020 Donated by Prof. David Ludden   294.385 DOS 102899 12/13/2020 C-1 12/13/2020 Books RARE

Powered by Koha